000 00562nam a2200205Ia 4500
005 20230811114308.0
008 131103s9999 xx 000 0 und d
040 _aLoreto College
041 _aEnglish
082 _a920
_bVER-WIL
100 _aWilson,Dorothy Clarke
245 _aTake My Hands
_b the remarkable story of Dr.Mary Verghese
_cDorothy Clarke Wilson
260 _aLondon
_bHodder and Stoughton
_c1964
300 _a218 p.
630 _aWomen - Biography
650 _aVerghese,Mary
651 _aBiography
850 _aLCLIB
942 _cBK
999 _c13998
_d64477